Για τον Σκαρίμπα
Αποθηκεύτηκε σε:
| Άλλοι συγγραφείς: | |
|---|---|
| Μορφή: | Βιβλίο |
| Γλώσσα: | Greek |
| Δημοσίευση: |
Λευκωσία :
Αιγαίον,
1994.
|
| Σειρά: | Λογοτεχνική κριτική (Αιγαίον)
|
| Θέματα: | |
| Ετικέτες: |
Προσθήκη ετικέτας
Δεν υπάρχουν, Καταχωρήστε ετικέτα πρώτοι!
|
MARC
| LEADER | 00000cam a2200000 i 4500 | ||
|---|---|---|---|
| 001 | 1/13233 | ||
| 008 | 980219s1994 cy | ||| |||| ||gre|| | ||
| 020 | |a 9963791212 | ||
| 035 | |1 ΠΑΡ |a 1997 |l 10018960 | ||
| 040 | |a GR-MY-UA |b gre |e aacr | ||
| 041 | 0 | |a gre | |
| 082 | 7 | |a 889.3092 |2 (22) | |
| 245 | 0 | 0 | |a Για τον Σκαρίμπα / |c εισαγωγή-ανθολόγηση κειμένων-επιμέλεια: Κατερίνα Κωστίου. |
| 260 | |a Λευκωσία : |b Αιγαίον, |c 1994. | ||
| 300 | |a 245 σ. ; |c 24 εκ. | ||
| 490 | 1 | |a (Λογοτεχνική κριτική ? Αιγαίον) | |
| 600 | 1 | 0 | |a Σκαρίμπας, Γιάννης, |d 1893-1984. |
| 650 | 0 | 0 | |a Litterateurs |z Greece |x History and criticism. |
| 700 | 1 | |a Κωστίου, Κατερίνα, |d 1960- |e edtf | |
| 830 | 0 | |a Λογοτεχνική κριτική (Αιγαίον) | |
| 852 | |a INST |b LESVOS |e 19980219 |h 889.3092 ΓΙΑ |p 005100015049 |q 005100015049 |t BK |y 0 | ||
| 909 | |a Λ |b 051623 | ||
| 970 | |a ΚΑΜΑΤΣΟΥ |b ΔΕΣΠΟΙΝΑ |z 2000/01/05 | ||